00334 a2200121 450000100060000010000130000624500220001926000280004109000170006994200230008699900190010995200840012845963 aSnead S aSam snead on golf aLondonbNicbolas kayec c29080d29080 aNUST-CAEcMc21203 c281036d281036 001040708NFICaCAEbCAEd2017-04-03l0pCAE38218r2017-04-05w2017-04-05yBK